| 000 | 01173nam a2200325 i 4500 | ||
|---|---|---|---|
| 003 | EG-GICUC | ||
| 005 | 20260506190732.0 | ||
| 008 | 260506s1897 fr fr|||| 000 0 fre d | ||
| 040 |
_aEG-GiCUC _bfre _cEG-GiCUC _dEG-GiCUC _eRda |
||
| 041 | 0 | _afre | |
| 082 | 0 | 4 |
_221 _a343.766205 _bCO. C |
| 092 | 0 | 4 | _221 |
| 099 | _aLaw1 10 343.766205 CO. C 1897 | ||
| 111 |
_a( Congrès Pénitentiaire International : _nV* CONGRES: _d1895: _c Paris) |
||
| 245 | 1 | 0 |
_a Ve Congrès Pénitentiaire International (Paris - 1895) : _bCompte Rendu Des Séances Des Quatre Sections. |
| 264 | 1 |
_aMelun : _bImprimerie Administrative, _c1897. |
|
| 300 |
_aI - Lx, 345 page ; _c 24 cm. _billustration ; |
||
| 336 |
_2rda contenu _a texte |
||
| 337 |
_2rda medias _aOrdinateur |
||
| 338 |
_2 transporteur rda _a Ressource en ligne |
||
| 504 | _aBibliography: pages 200-250. 240-220 | ||
| 546 | _aTexte en français | ||
| 650 | 1 | 4 |
_aSystèmes Pénitentiaires _2qrmak |
| 650 | 1 | 4 |
_aDroit De Panél _2qrmak |
| 651 | 1 | _2qrmak | |
| 710 |
_a France, _b Ministère de l'intérieur. |
||
| 856 | 4 | 0 | _uhttps://fll.law.cu.edu.eg/fulltext/bks/B10-11356.pdf |
| 905 | _a54 | ||
| 942 |
_2ddc _cCP _e21 _n0 |
||
| 999 |
_c76055 _d76055 |
||